000 00574nam a22001455i 4500
001 172259
003 ES-MaACL
005 20230906214844.0
008 090622s2008 pr |||| | spa d
245 0 0 _aObras completas Eladio Rodríguez Otero
_b: memorias de la presentación de las obras completas, Teatro de la Universidad, Central de Bayamón, 1 de julio de 2008.
260 _aSan Juan, Puerto Rico :
_bSucesores de Eladio Rodríguez,
_c[2008]
300 _a49 p. :
_bil. ;
_c23 cm +
_e1 DVD.
600 1 4 _aRodríguez Otero, Eladio.
_9140806
852 4 _a BA
_j2251-F-1
999 _c172259
_d172259